Organizational cultures : types and transformations

Bibliographic Details
Main Author: Phey Sey, Diana C
Format: Book
Published: London : Routledge , 1993
Subjects:

MARC

LEADER 00000cam a2200000 7i4500
001 0000001478
002 000001624
005 20000330.0
020 |a 0415082927 
090 0 0 |a 302.35   |b PHE 
100 1 |a Phey Sey, Diana C 
245 1 0 |a Organizational cultures :   |b types and transformations   |c Diana C. Pheysey 
260 |a London :   |b Routledge ,   |c 1993 
300 |a 340p. ;   |c 22cm. 
650 0 0 |a Corporate culture 
999 |a 034024   |b BUKU   |c PINJAMAN   |e PERPUSTAKAAN KOMUNITI PETALING JAYA